Evaluación del modo reproductivo en una población segregante de un cruzamiento entre un genotipo sexual y otro apomíctico de pasto llorón /
Guardado en:
| Otros Autores: | , |
|---|---|
| Formato: | Manuscrito |
| Idioma: | Spanish |
| Publicado: |
2023.
|
| Materias: | |
| Etiquetas: |
Agregar Etiqueta
Sin Etiquetas, Sea el primero en etiquetar este registro!
|
| LEADER | 01158ntm a22002535a 4500 | ||
|---|---|---|---|
| 001 | EUN.eunm009288 | ||
| 008 | 240311s2023####ag#ao####m####000#0#spa#d | ||
| 005 | 20240910135334.0 | ||
| 245 | 1 | 0 | |a Evaluación del modo reproductivo en una población segregante de un cruzamiento entre un genotipo sexual y otro apomíctico de pasto llorón / |c Mateo Sansot Puleston ; dirección de Diego Carlos Zappacosta. |
| 260 | |c 2023. | ||
| 300 | |a 27 p. : |b il., fot. ; |c 30 cm. | ||
| 502 | |a Tesis (licenciatura)--Universidad Nacional del Sur. Departamento de Biología, Bioquímica y Farmacia, 2023. | ||
| 500 | |a Director de tesis: Diego Carlos Zappacosta. | ||
| 504 | |a Bibliografía: p. 25-27. | ||
| 100 | 1 | |a Sansot Puleston, Mateo. |4 dis | |
| 700 | 1 | |a Zappacosta, Diego Carlos. |4 ths | |
| 710 | 2 | |a Universidad Nacional del Sur. |b Departamento de Biología, Bioquímica y Farmacia |4 dgg. | |
| 082 | 0 | 4 | |a 633.2 |2 21 |
| 650 | 7 | |a Genotipos. |2 agrovoc | |
| 650 | 1 | 7 | |a Reproducción asexual. |2 agrovoc |
| 650 | 1 | 7 | |a Eragrostis curvula. |2 agrovoc |
| 650 | 1 | 7 | |a Ciencias biológicas. |2 unbist |
| 650 | 1 | 7 | |a Apomixis. |2 agrovoc |
| 859 | |a AR-BaUNS |b BIB. CENTRAL - Sector A |h 633.2 |i Sa58 |p 128771/024 | ||
